000 00875nac a22002777a 4500
001 BR6005705
003 BR-BrBNA
005 20240105113133.0
008 230509b bl.|||m| |||| 00| 0 por d
040 _aBR-BrBNA
_bpor
_cBiblioteca Nacional de Agricultura
072 _aE30
090 _aE30 BR6005705
100 1 _aMagalhaes, A.C.
110 1 _aGoverno do Estado da Bahia, Salvador (Brasil)
_95275
245 1 _aRelatorio de governo 1971 [Governo do Estado da Bahia, Brasil]
260 3 _aSalvador, BA (Brasil):
_c1971.
300 _a191 p.
490 _aRelatorio - Governo do Estado da Bahia (Brazil)
_vv. 1
_x
650 _aDESENVOLVIMENTO AGRICOLA
650 _aDESENVOLVIMENTO ECONOMICO
650 _aASSISTENCIA TECNICA
650 _aASSISTENCIA SOCIAL
650 _aBAHIA
909 _a202312
_bLúcia Elande
_c55
_dLúcia Elande
942 _2AGRIS
_n0
_cMS
999 _c262085
_d262085